İSTANBULLULAR (Record no. 719368)
[ view plain ]
| 000 -LEADER | |
|---|---|
| sabit uzunluktaki kontrol alanı | 00237nam a2200097Ia 4500 |
| 001 - KONTROL NUMARASI | |
| kontrol alanı | 719368 |
| 005 - EN SON İŞLEMİN TARİH VE ZAMANI | |
| kontrol alanı | 20250826163041.0 |
| 008 - SABİT-UZUNLUKTA VERİ ÖĞELERİ--GENEL BİLGİ | |
| sabit uzunluktaki kontrol alanı | 250824s9999 xx 000 0 und d |
| 245 #0 - ESER / YAZAR | |
| ESER ADI | İSTANBULLULAR |
| Yazar Adı | BUKET UZUNER |
| 260 ## - YAYIN, DAĞITIM, VB. | |
| YAYIN EVİ | EVEREST YAYINLARI |
| Düşüm durumu | Kayıp durumu | Hasar Durumu | Ödünç verilmez | Ana kütüphane | Geçerli Kütüphane | Edinilen tarih | Toplam ödünç verme sayısı | Barkod | Son görüntüleme tarihi | Fiyatın geçerli olmaya başladığı tarih | Koha materyal türü |
|---|---|---|---|---|---|---|---|---|---|---|---|
| KONEVİ ANADOLU LİSESİ | KONEVİ ANADOLU LİSESİ | 24.08.2025 | 10321762 | 26.08.2025 | 26.08.2025 | Books |